00293nam a2200097 a 450000500170000000800410001705000250005810000230008324500680010665000210017420140414093844.0090625s19uu xx uuu eng d aVCD 791.43bCAT 2001 aGuterman, Lawrence aCats & dogs :bthings are gonna get hairy /cLawrence Guterman. aMotion pictures.